000 01451nam a2200253 i 4500
003 DO-SdUEMH
005 20260115173536.0
007 ta
008 260115s2012 dr |||gr|||| 00| 0 spa d
020 _a9789945006087
040 _aDO-SdUEMH
_bspa
_erda
041 _aspa
082 1 4 _mRD
_bM878
100 1 _eaut
245 _aPolítica Cultural en República Dominicana Reto Inaplazable /
_cMateo Morrison
264 1 _aSanto Domingo, República Dominicana :
_bBúho,
_c2012
264 4 _c©2012
300 _a110 páginas :
_c21 cm.
336 _2rdacontent
_atexto
_btxt
337 _2rdamedia
_asin mediación
_bn
338 _2rdacarrier
_avolumen
_bnc
505 2 _aContexto General -- Política Cultural en República Dominicana: Reto Inaplazable -- Sobre Política Cultural y la Creación del Consejo Presidencial de Cultura -- Sobre Política Cultural en el Ámbito Internacional -- La Cultura debe Estar al más Alto Nivel del Estado -- Política Cultural de la UASD a través de la Dirección de Cultura -- Gerencia Cultural a partir de los Criterios de Víctor Guedes -- La Animación Socio-Cultural en la Relación Escuela-Comunidad -- Mateo Morrison sobre Pedro Henríquez Ureña y Elecciones -- Decreto 82-97 -- Decreto 107-97 -- Palabras en el Acto de Promulgación de la Ley 41-00 que Crea la Secretaría de Estado de Cultura -- Identidad Cultural y Mercado -- Propuesta de Mateo Morrison al Sector Cultural.
942 _2ddc
_cBK
_n0
999 _c18344
_d18344